000 00257nam a2200097Ia 4500
001 1177042
005 20250827012721.0
008 250824s9999 xx 000 0 und d
245 0 _aBİTMEMİŞ İNŞA POSTMODERNİZM
_cAHMET MELİH KARAUGUZ
260 _bKETEBE
999 _c1177042
_d1177042